Children's Classics in Dramatic Form : (Record no. 239796)
[ view plain ]
| 000 -LEADER | |
|---|---|
| fixed length control field | 01139cam a22002413a 4500 |
| 001 - CONTROL NUMBER | |
| control field | 10541 |
| 003 - CONTROL NUMBER IDENTIFIER | |
| control field | PGUSA |
| 005 - DATE AND TIME OF LATEST TRANSACTION | |
| control field | 20140828083226.0 |
| 008 - FIXED-LENGTH DATA ELEMENTS--GENERAL INFORMATION | |
| fixed length control field | 031201s2003||||xxu|||||s|||||000 d eng d |
| 040 ## - CATALOGING SOURCE | |
| Original cataloging agency | PGUSA |
| Language of cataloging | eng |
| 042 ## - AUTHENTICATION CODE | |
| Authentication code | dc |
| 050 #4 - LIBRARY OF CONGRESS CALL NUMBER | |
| Classification number | PN |
| 100 1# - MAIN ENTRY--PERSONAL NAME | |
| Personal name | Stevenson, Augusta |
| 245 10 - TITLE STATEMENT | |
| Title | Children's Classics in Dramatic Form : |
| Remainder of title | A Reader for the Fourth Grade |
| Medium | [electronic resource] / |
| Statement of responsibility, etc | Augusta Stevenson |
| 260 ## - PUBLICATION, DISTRIBUTION, ETC. (IMPRINT) | |
| Name of publisher, distributor, etc | Project Gutenberg, |
| Date of publication, distribution, etc | 2003 |
| 505 0# - FORMATTED CONTENTS NOTE | |
| Formatted contents note | The travelers and the hatchet -- The old man and his grandson -- The crow and the fox -- The miller, his son, and their donkey -- Each in his own place -- What the goodman does is always right -- The cat and the mouse -- The girl who trod on the loaf -- The ugly duckling -- The red shoes -- The story of Ali Cogia -- The wild swans -- The two countrymen -- The man and the alligator -- The song in the heart -- The emperor's test -- Christopher Columbus. |
| 506 ## - RESTRICTIONS ON ACCESS NOTE | |
| Terms governing access | Public domain in the USA. |
| 516 ## - TYPE OF COMPUTER FILE OR DATA NOTE | |
| Type of computer file or data note | Electronic text |
| 653 ## - INDEX TERM--UNCONTROLLED | |
| Uncontrolled term | Children's plays |
| 830 #0 - SERIES ADDED ENTRY--UNIFORM TITLE | |
| Uniform title | Project Gutenberg |
| Volume number/sequential designation | 10541 |
| 856 40 - ELECTRONIC LOCATION AND ACCESS | |
| Uniform Resource Identifier | <a href="http://www.gutenberg.org/ebooks/10541">http://www.gutenberg.org/ebooks/10541</a> |
| 942 ## - ADDED ENTRY ELEMENTS (KOHA) | |
| Koha item type | eBooks |
| Withdrawn status | Lost status | Damaged status | Home library | Current library | Date acquired | Total Checkouts | Date last seen | Price effective from | Koha item type |
|---|---|---|---|---|---|---|---|---|---|
| Project Gutenberg | Project Gutenberg | 08/28/2014 | 08/28/2014 | 08/28/2014 | eBooks |